Parliamentary Memorandum Submitted By The Minister Of Sanitation And Natural Resources On Accession To The United Nations Watercourses Convention And The Commission On Europe ( UNECE) Convention On The Protection AND Use of Transboundary Watercourses And International Lakes 2019 (Record no. 2961)

MARC details
000 -LEADER
fixed length control field 00658nam a2200145Ia 4500
008 - FIXED-LENGTH DATA ELEMENTS--GENERAL INFORMATION
fixed length control field 240429s9999||||xx |||||||||||||| ||und||
041 ## - LANGUAGE CODE
Language code of text/sound track or separate title eng
082 ## - DEWEY DECIMAL CLASSIFICATION NUMBER
Classification number PM/UNECE/19
100 ## - MAIN ENTRY--PERSONAL NAME
Personal name Parliament of Ghana
245 #0 - TITLE STATEMENT
Title Parliamentary Memorandum Submitted By The Minister Of Sanitation And Natural Resources On Accession To The United Nations Watercourses Convention And The Commission On Europe ( UNECE) Convention On The Protection AND Use of Transboundary Watercourses And International Lakes 2019
300 ## - PHYSICAL DESCRIPTION
Extent 21p;tabs
650 ## - SUBJECT ADDED ENTRY--TOPICAL TERM
Topical term or geographic name entry element Parliamentary Memorandum Submitted By The Minister Of Sanitation And Natural Resources
942 ## - ADDED ENTRY ELEMENTS (KOHA)
Koha item type Memorandum
Holdings
Withdrawn status Lost status Damaged status Not for loan Home library Current library Shelving location Date acquired Total checkouts Full call number Date last seen Copy number Price effective from Koha item type
        Main Library Main Library Open Shelves 06/04/2023   PM/UNECE/19 5679 C1 - PM/UNECE/19 5680 C2 - PM/UNECE/19 5681 C3 - PM/UNECE/19 6013 C4 29/04/2024 1 29/04/2024 Memorandum
©2026  Parliament of Ghana Library - All rights reserved